| 000 | 01169nam a2200325 a 4500 | ||
|---|---|---|---|
| 003 | BLK | ||
| 005 | 20240420094907.0 | ||
| 008 | 201001b bul|||||r ||||||| ||bul|| | ||
| 010 | _aKNG00214888000 | ||
| 020 | _a9786192350482 | ||
| 040 | _aBLK | ||
| 041 |
_aBUL _cBUL |
||
| 080 |
_aНорвежка литература _b821.113.5 _x-312.4 _z821.113.5-312.4 |
||
| 100 | 1 |
_aДамхауг, Торкил _eпърви автор _958169 |
|
| 139 |
_aДамхауг, Торкил _bД 15 |
||
| 245 | 1 | 0 |
_aСигурни знаци за твоята смърт _bРоман : Скандинавски трилър _cТоркил Дамхауг; прев. Галина Узунова. |
| 257 | _aNOR | ||
| 260 |
_aСофия _bСветлана Янчева - Изида _c2020 |
||
| 300 |
_a480 с. _c20 см |
||
| 380 | _aX | ||
| 490 | _aПоредица Скандинавски трилъри | ||
| 653 | _aкрими | ||
| 653 | _aромани | ||
| 700 |
_aУзунова, Галина _eпрев. _9389458 |
||
| 856 | 4 | _qpdf | |
| 856 | 4 | _qpdf | |
| 942 |
_cKNG _n0 _039 _s1 |
||
| 944 |
_aCR _c2020-10-01 _k30546 _lРенета Константинова |
||
| 999 |
_c389590 _d389590 |
||
| 999 | _d389590 | ||